000 00202nam a2200109Ia 4500
100 _aPABLO/NARUDA
942 _cBK
245 _aRESIDENCE ON EARTH
260 _b#N/A
546 _aENGLISH
999 _c25369
_d25369